| 000 | nam a22 7a 4500 | ||
|---|---|---|---|
| 999 |
_c21899 _d21899 |
||
| 008 | 170123b xxu||||| |||| 00| 0 eng d | ||
| 020 | _a0071140530 | ||
| 050 | _aHG 4026 .B743 1996 | ||
| 100 | _aBrealey, Richard A. | ||
| 245 |
_aPrinciples of corporate finance/ _cRichard A. Brealey and Stewart C. Myers |
||
| 250 | _a5th ed. | ||
| 260 |
_aNew York : _bMcGraw-Hill, _c1996. |
||
| 300 |
_axxv, 998[94]p. : _b illustrations (some color) ; _c24 cm. |
||
| 650 | _aCorporations -- Finance. | ||
| 650 | _aCorporations -- Finance. -- Management. | ||
| 700 | _aMyers, Stewart C. | ||
| 942 |
_2lcc _cBOOKS _hHG 4026 .B743 1996 |
||